MARC

Tag First Indicator Second Indicator Subfields
LEADER 00000cam a22000008a 4500
001 in00000069539
005 20151008054502.0
008 800527s1981 alubc b s00110aengm
010 |a  80016829  
020 |a 081730049X 
035 |a (OCoLC)06421114 
035 |9 AAJ0804AM 
040 |a DLC  |c DLC  |d m.c.  |d TXA  |d UtOrBLW 
041 1 |a eng  |a fre 
043 |a n-usu--  |a n-usm--  |a e-fr--- 
049 |a TXAM  |c [932647] 
050 0 0 |a F372  |b .L538 
082 0 |a 976 
100 1 |a Le Moyne d'Iberville, Pierre,  |d 1661-1706. 
240 1 0 |a Gulf journals 
245 1 0 |a Iberville's Gulf journals /  |c translated and edited by Richebourg Gaillard McWilliams ; with an introduction by Tennant S. McWilliams. 
263 |a 8104 
264 1 |a University, Ala. :  |b University of Alabama Press,  |c [1981] 
264 4 |c ©1981 
300 |a 195 pages :  |b maps, portrait ;  |c 23 cm. 
336 |a text  |b txt  |2 rdacontent 
337 |a unmediated  |b n  |2 rdamedia 
338 |a volume  |b nc  |2 rdacarrier 
500 |a Translation of Le Moyne d'Iberville's journals of 3 voyages to the Mississippi from Dec. 31, 1698 to Apr. 27, 1702. 
500 |a Includes index. 
504 |a Bibliography: pages [180]-187. 
600 1 0 |a Le Moyne d'Iberville, Pierre,  |d 1661-1706. 
650 0 |a French  |z Gulf States  |x History  |x Sources. 
650 0 |a French  |z Mississippi River Valley  |x History  |x Sources. 
651 0 |a Gulf Coast (U.S.)  |x Description and travel. 
651 0 |a Gulf States  |x History  |y To 1803  |x Sources. 
651 0 |a Mississippi River Valley  |x Description and travel. 
651 0 |a Mississippi River Valley  |x History  |y To 1803  |x Sources. 
700 1 |a McWilliams, Richebourg Gaillard. 
740 0 |a Gulf journals 
999 |a MARS 
999 f f |s 7015d594-02b1-3819-bc05-288a04378a21  |i 356d7217-69d3-3c57-a7da-739682c61132  |t 0 
952 f f |p normal  |a Texas A&M University  |b College Station  |c Sterling C. Evans Library  |d Evans: Library Stacks  |t 0  |e F372 .L538  |h Library of Congress classification  |i unmediated -- volume  |m A14806109370 
998 f f |a F372 .L538  |t 0  |l Evans: Library Stacks